Being a medical transcriptionist
Salvato in:
| Autore principale: | |
|---|---|
| Natura: | Libro |
| Lingua: | inglese |
| Pubblicazione: |
A. Simon & Schuster
1992.
|
| Tags: |
Aggiungi Tag
Nessun Tag, puoi essere il primo ad aggiungerne!!
|
MARC
| LEADER | 00000nam a22000007a 4500 | ||
|---|---|---|---|
| 008 | 210422b ||||| |||| 00| 0 eng d | ||
| 020 | |a 0-89303-082-1 | ||
| 100 | |a MORROW, Norma Lee. | ||
| 245 | |a Being a medical transcriptionist |c Norma Lee Morrow. | ||
| 260 | |b A. Simon & Schuster |c 1992. |h New Jersey |i 680578 |l R728.8 .M83 |m Medical records |m Medical secretaries |m Nomenclature. | ||
| 942 | |a lcc |c BK |e ADEKANYE,I. H. |f 22/04/2021 | ||
| 952 | |0 0 |1 0 |2 lcc |4 0 |6 R07288 M83 |7 0 |9 2285 |a HOL |b ML |c QZ |d 2021-04-22 |l 0 |o R728.8 .M83 |p 2021-6139 |r 2021-04-22 00:00:00 |w 2021-04-22 |y BK | ||
| 999 | |c 1175 |d 1175 | ||